01185nam a2200193Ia 4500001001100000003001000011008004100021040002500062041001300087100003900100245005900139250001100198260009300209300002800302500026200330501011400592520026200706650002300968L250-16556IT-CnALBA170116s9999||||xx |||||||||||||| ||und|| aIT-CnALBAcIT-CnALBA aITALIANO aVISMARA DON EUSEBIO M., SALESIANO. 0aLA LITURGIA CRISTIANA E LA PARTECIPAZIONE DEL POPOLO.  a1a ed. aVICENZAbANONIMA SOC. TIP. CAT. VICENTINAc1919 [1° Ed.:1919 - Ed.Ling.Originale: 1919] a303 p. (prefazione: 13) aBIBLIOTECA CANONICO CHIESA. PARTECIPAZIONE LITURGICA NELLE PARROCCHIE. AZIONE SOCIALE. MESSA DIALOGATA. CANTO. ISTRUZIONE LITURGICA: NECESSITÀ, OBBLIGO, DOVERE SACERDOTALE. PREDICAZIONE. EDUCAZIONE LITURGICA. VALORE. LITURGIA E VITA CRISTIANA. VITA SOCIAL aSocietà San Paolo EM - Piazza San Paolo, 14 - 12051 ALBA (CN) (non commercial uses only) ® Copyright 2017 aBIBLIOTECA CANONICO CHIESA. PARTECIPAZIONE LITURGICA NELLE PARROCCHIE. AZIONE SOCIALE. MESSA DIALOGATA. CANTO. ISTRUZIONE LITURGICA: NECESSITÀ, OBBLIGO, DOVERE SACERDOTALE. PREDICAZIONE. EDUCAZIONE LITURGICA. VALORE. LITURGIA E VITA CRISTIANA. VITA SOCIAL aTEOLOGIA PASTORALE